Lucia di Lammermoor
Saved in:
| Main Author: | |
|---|---|
| Other Authors: | , , , , , |
| Format: | Audio |
| Language: | Italian |
| Published: |
[England] :
EMI Records,
p1986, c1993
|
| Series: | EMI classics
|
| Subjects: | |
| Tags: |
Add Tag
No Tags, Be the first to tag this record!
|
MARC
| LEADER | 00000cjm a2200000 i 4500 | ||
|---|---|---|---|
| 001 | 1/72737 | ||
| 008 | 050304s1986 ge ita d | ||
| 028 | 0 | 1 | |a CDS 7474408 |
| 035 | |l 10076904 | ||
| 040 | |a GR-MY-UA |b gre |e aacr | ||
| 041 | 0 | |d ita |g fre |g ger |g eng | |
| 082 | 0 | |a 782.1 |2 (21η εκδ.) | |
| 100 | 1 | |a Donizetti, Gaetano, |d 1797-1848. | |
| 245 | 1 | 0 | |a Lucia di Lammermoor |h [ηχογράφηση] / |c Donizetti ; [conductor] Tullio Serafin ; libretto Salvatore Cammarano ; Philharmonia Chorus & Orchestra |
| 260 | |a [England] : |b EMI Records, |c p1986, c1993 | ||
| 300 | |a 2 δίσκοι CD (110 λ.); |c 4 3/4 ίν.+ |e 1 σύνοψη | ||
| 490 | 1 | |a EMI Classics | |
| 500 | |a Όπερα σε τρεις πράξεις | ||
| 511 | |a Maria Callas ; Ferruccio Tagliavini ; Piero Cappuccilli ; Bernard Ladysz ; Leonard del Ferro ; Margreta Elkins ; Renzo Casellato | ||
| 650 | 0 | 0 | |a Operas. |
| 700 | 1 | |a Cammarano, Salvatore, |d 1801-1852. |4 lbt | |
| 700 | 1 | |a Serafin, Tullio, |d 1878-1968. |4 cnd | |
| 700 | 1 | |a Tagliavini, Ferruccio, |d 1913-1995. |4 prf | |
| 700 | 1 | |a Cappuccilli, Piero. |4 prf | |
| 700 | 1 | |a Ladysz, Bernard. |4 prf | |
| 700 | 1 | |4 prf |a Callas, Maria, |d 1923-1977. | |
| 830 | 0 | |a EMI classics | |
| 852 | |a INST |b RHODES |c AV |e 20050304 |h 782.1 DON |p 005400013014 |q 005400013014 |t CD |y 23 |z ??? | ||
| 852 | |a INST |b RHODES |c AV |e 20050304 |h 782.1 DON |p 005400023662 |q 005400023662 |t CD |y 23 |z cd.2 | ||
| 852 | |a INST |b RHODES |c AV |e 20050304 |h 782.1 DON |p 005400023663 |q 005400023663 |t CD |y 23 |z cd.1 | ||
| 852 | |a INST |b RHODES |c AV |e 20050304 |h 782.1 DON |p 005400013014 |q 005400013014 |t CD |v (Unknown.)???: |y 23 |z ??? | ||
| 852 | |a INST |b RHODES |c AV |e 20050304 |h 782.1 DON |p 005400023662 |q 005400023662 |t CD |v cd.2: |y 23 |z cd.2 | ||
| 852 | |a INST |b RHODES |c AV |e 20050304 |h 782.1 DON |p 005400023663 |q 005400023663 |t CD |v cd.1: |y 23 |z cd.1 | ||
| 852 | |a INST |b SAMOS |c AV |e 20070629 |h 782.1 DON |p 005300026111 |q 005300026111 |t CD |y 23 |z ??? | ||
| 852 | |a INST |b SAMOS |c AV |e 20070629 |h 782.1 DON |p 005300026111 |q 005300026111 |t CD |v (Unknown.)???: |y 23 |z ??? | ||
| 853 | |a INST |b RHODES |c AV |h 782.1 DON | ||
| 853 | |a INST |b SAMOS |c AV |h 782.1 DON | ||
| 901 | |a BIBL3-2006-1 | ||
| 901 | |a BIBL4-2005-1 | ||
| 909 | |a Σ |b 039490 | ||
| 909 | |a Ρ |b 078224 | ||
| 909 | |a Ρ |b 078225 | ||
| 909 | |a Ρ |b 078223 | ||
| 922 | |a 3ΕΛΗ |b 199812 |c ΤΜΗΜΑ ΜΑΘΗΜΑΤΙΚΩΝ |d ΛΕΣΧΗ ΔΙΣΚΟΥ | ||
| 922 | |a 4 |b 199502 |c ΒΙΒΛΙΟΘΗΚΗ | ||
| 970 | |a ΣΜΠΙΛΗ |b ΕΛΕΝΗ |z 2005/03/04 | ||